Catálogo de la Biblioteca Horacio González - Universidad Nacional de General Sarmiento

76 89 03 (Registro nro. 54949)

Detalles MARC
000 -CABECERA
campo de control de longitud fija 01403ngm a22003010a 4500
001 - NÚMERO DE CONTROL
campo de control PT36196
003 - IDENTIFICADOR DEL NÚMERO DE CONTROL
campo de control AR-LpoUNG
005 - FECHA Y HORA DE LA ÚLTIMA TRANSACCIÓN
campo de control 20210202000503.0
007 - CAMPO FIJO DE DESCRIPCIÓN FÍSICA--INFORMACIÓN GENERAL
campo de control de longitud fija vd cvaizq
008 - DATOS DE LONGITUD FIJA--INFORMACIÓN GENERAL
campo de control de longitud fija 191001s1999||||ag |||||||||||||||||spa d
037 ## - FUENTE DE ADQUISICIÓN
Condiciones de disponibilidad $7.05
040 ## - FUENTE DE LA CATALOGACIÓN
Centro catalogador/agencia de origen AR-LpoUNG
Lengua de catalogación spa
Centro/agencia transcriptor AR-LpoUNG
Normas de descripción aacr
041 ## - CÓDIGO DE LENGUA
Código de lengua del texto/banda sonora o título independiente spa
044 ## - CÓDIGO DEL PAÍS DE LA ENTIDAD EDITORA/PRODUCTORA
Código MARC del país ag
082 0# - NÚMERO DE LA CLASIFICACIÓN DECIMAL DEWEY
Número de clasificación 302.1 518set
100 1# - ENTRADA PRINCIPAL--NOMBRE DE PERSONA
Nombre de persona Bernard, Cristian
Término indicativo de función/relación dir.
245 10 - MENCIÓN DE TÍTULO
Título 76 89 03
260 ## - PUBLICACIÓN, DISTRIBUCIÓN, ETC.
Lugar de publicación, distribución, etc. San Luis :
Nombre del editor, distribuidor, etc. AVH,
Fecha de publicación, distribución, etc. 1999.
300 ## - DESCRIPCIÓN FÍSICA
Extensión DVD (80 min.) : son., byn
505 0# - NOTA DE CONTENIDO CON FORMATO
Nota de contenido con formato Créditos: Producción, Edi Flehner; producción ejecutiva, Orlando Rodríguez y Jonathan Perel; dirección de producción, Daniel García; jefe de producción, Juan De Francesco; asistente de dirección, Andrei Durán; fotografía, Daniel Sotelo; dirección de arte, Gisselle Peisojovich; vestuario:, Gisselle Peisojovich; montaje:, Eliane Katz; Música:, Sergio Figueroa; sonido:, Sergio Iglesias; asistente de producción:, Pablo Valerga.
520 ## - SUMARIO, ETC.
Sumario, etc. Tres amigos viven obsesionados con la vedette Wanda Manera, quien ha tenido su época de esplendor en los años de la dictadura del Proceso. La historia se inicia en 1976 y continúa en 1989 y en 2003, contando la historia de estos tres amigos y su cambiante relación con Wanda.
651 #4 - PUNTO DE ACCESO ADICIONAL DE MATERIA--NOMBRE GEOGRÁFICO
Nombre geográfico Argentina
653 ## - TÉRMINO DE INDIZACIÓN--NO CONTROLADO
Término no controlado CINE ARGENTINO
653 ## - TÉRMINO DE INDIZACIÓN--NO CONTROLADO
Término no controlado VIDEOS
700 1# - PUNTO DE ACCESO ADICIONAL--NOMBRE DE PERSONA
Nombre de persona Nardini, Flavio
Término indicativo de función/relación dir.
905 ## - ELEMENTOS DE DATOS E LOCAL, LDE (RLIN)
a 36196
942 ## - ELEMENTOS DE PUNTO DE ACCESO ADICIONAL (KOHA)
Tipo de ítem Koha DVD
Existencias
Estado de retiro Estado de pérdida Estado dañado No para préstamo Código de colección Localización permanente Ubicación/localización actual Fecha de adquisición Total de préstamos Signatura topográfica completa Código de barras Fecha visto por última vez Precio válido a partir de Tipo de ítem Koha
        Colección Cine Biblioteca Universidad Nacional de General Sarmiento Biblioteca Universidad Nacional de General Sarmiento 02/02/2021   302.1 518set 00043905 02/02/2021 02/02/2021 DVD